| 000 | 01149cam a2200301 a 4500 | ||
|---|---|---|---|
| 005 | 20260322212011.0 | ||
| 008 | data | ||
| 010 | _a 2007040818 | ||
| 020 | _a9780321422972 | ||
| 020 | _a032142297X | ||
| 040 |
_aDLC _cDLC _dDLC _dBAKER _dBTCTA _dYDXCP _dDLC |
||
| 043 | _aaw----- | ||
| 050 | 0 | 0 |
_aDS62.2 _b.S65 2009 |
| 082 | 0 | 0 |
_a939/.4 _222 |
| 092 | _a939.4 S65 2009 | ||
| 100 | 1 | _aStiebing, William H. | |
| 245 | 1 | 0 |
_aAncient Near Eastern history and culture / _cWilliam H. Stiebing. |
| 250 | _a2nd ed. | ||
| 260 |
_aNew York : _bPearson/Longman, _cc2009. |
||
| 300 |
_ax, 405 p. : _bill., map ; _c24 cm. |
||
| 504 | _aIncludes bibliographical references (p. 353-381) and index. | ||
| 651 | 0 |
_aMiddle East _xHistory _yTo 622. |
|
| 856 | 4 | 1 |
_3Table of contents only _uhttp://www.loc.gov/catdir/toc/ecip081/2007040818.html |
| 906 |
_a7 _bcbc _corignew _d1 _eecip _f20 _gy-gencatlg |
||
| 925 | 0 |
_aacquire _b1 shelf copy _xpolicy default |
|
| 955 |
_dys02 2007-10-09 _eys05 2007-10-09 to Dewey _fpv01 2008-03-07 Z-CipVer |
||
| 001 | data | ||
| 999 |
_c224 _d224 |
||